Technologický design. Poznámky k článku.

Význam faktora design pre úspech výrobkov. Orientačná pomoc pri určení dobrého designu u firmy Braun. Rast významu designu pri stále narastajúcej otvorenosti trhov a zostrení konkurencie. Vymedzenie pojmu "technologický" design ako komplexný proces od vývoja výrobku až po jeho tvorbu.

Na minha lista:
Detalhes bibliográficos
Autor principal: Rahms, D.
Outros Autores: Tučná, G.
Formato: Capítulo de Livro
Idioma:tcheco
Assuntos:
Tags: Adicionar Tag
Sem tags, seja o primeiro a adicionar uma tag!

MARC

LEADER 00000naa a2200000 4500
001 r002096
005 20220819175923.0
041 0 |a cze 
044 |a [CS] 
245 1 0 |a Technologický design.  |b Poznámky k článku.  |c D. Rahms, G. Tučná 
520 |a Význam faktora design pre úspech výrobkov. Orientačná pomoc pri určení dobrého designu u firmy Braun. Rast významu designu pri stále narastajúcej otvorenosti trhov a zostrení konkurencie. Vymedzenie pojmu "technologický" design ako komplexný proces od vývoja výrobku až po jeho tvorbu. 
610 2 0 |a dizajn 
610 2 0 |a trh 
610 2 0 |a konkurencia 
610 2 0 |a vývoj výrobku 
610 2 0 |a Braun 
100 1 |a Rahms, D. 
700 1 |a Tučná, G.